[Event "Polanica Zdroj op-C 58th"]
[Site "Polanica Zdroj"]
[Date "2022.08.15"]
[Round "3"]
[White "Gregulski, Zbigniew"]
[Black "Wielgus, Jerzy"]
[Result "1/2-1/2"]
[WhiteElo "1591"]
[BlackElo "1832"]
[PlyCount "59"]
[EventDate "2022.08.13"]
[EventType "swiss"]
[EventRounds "9"]
[EventCountry "POL"]
[SourceTitle "CBM 210 Extra"]
[Source "ChessBase"]
[SourceDate "2022.11.30"]
[SourceVersion "1"]
[SourceVersionDate "2022.11.30"]
[SourceQuality "1"]

1. d4 Nf6 2. c4 e5 3. dxe5 Ng4 4. Nf3 Bc5 5. e3 Qe7 6. Bd2 Nc6 7. Be2 0-0 8. 0-0 Ngxe5 9. Nc3 d6 10. Nd5 Qd8 11. Bc3 a5 12. b3 Nxf3+ 13. Bxf3 Ne5 14. Be2 c6 15. Nf4 Bf5 16. Nd3 Nxd3 17. Bxd3 Bxd3 18. Qxd3 Qg5 19. a4 Rfd8 20. Rad1 d5 21. Qe2 b6 22. g3 h5 23. h4 Qf5 24. cxd5 cxd5 25. Rd3 Rd6 26. Rfd1 Rad8 27. Kg2 Rg6 28. Qf3 Rgd6 29. Qe2 Rg6 30. Qf3 1/2-1/2

[Event "Polanica Zdroj op-B 56th"]
[Site "Polanica Zdroj"]
[Date "2020.08.17"]
[Round "3"]
[White "Gregulski, Zbigniew"]
[Black "Szylko, Waldemar"]
[Result "0-1"]
[WhiteElo "1616"]
[BlackElo "1970"]
[PlyCount "134"]
[EventDate "2020.08.15"]
[EventType "swiss"]
[EventRounds "9"]
[EventCountry "POL"]
[SourceTitle "CBM 198 Extra"]
[Source "ChessBase"]
[SourceDate "2020.11.30"]
[SourceVersion "1"]
[SourceVersionDate "2020.11.30"]
[SourceQuality "1"]

1. d4 c6 2. Nf3 f5 3. g3 Nf6 4. Bg2 e6 5. c4 d5 6. cxd5 exd5 7. 0-0 Bd6 8. a4 0-0 9. b3 Nbd7 10. Ba3 Qe7 11. Bxd6 Qxd6 12. Nc3 Ne4 13. Qc2 a5 14. e3 Qh6 15. Nd1 g5 16. h4 g4 17. Ne5 Nxe5 18. dxe5 Qe6 19. Bxe4 fxe4 20. Nc3 Qxe5 21. Ne2 Qd6 22. Rfd1 Bf5 23. Rac1 Bg6 24. Qc3 Qf6 25. Nf4 Qxc3 26. Rxc3 Kf7 27. Kf1 Ke7 28. Ke2 Kd6 29. Rd2 Rfb8 30. Rdc2 Be8 31. Kd2 b6 32. Ne2 Ra7 33. Nd4 c5 34. Ne2 Rc7 35. Kc1 b5 36. axb5 Bxb5 37. Nf4 Rbc8 38. Rd2 Bc6 39. Rdc2 Ba8 40. Ra2 Ra7 41. b4 a4 42. bxc5+ Rxc5 43. Kc2 Rac7 44. Raa3 Rc4 45. Ne2 Rxc3+ 46. Rxc3 Rf7 47. Nf4 Bc6 48. Kb2 Rb7+ 49. Ka2 Bb5 50. Nh5 d4 51. exd4 Kd5 52. Re3 Kxd4 53. Nf6 Bc4+ 54. Ka1 Bd3 55. Nxg4 Rf7 56. h5 Rf5 57. h6 Kc3 58. Ka2 Kd2 59. Ka3 Bc2 60. Kb2 Rf3 61. Rxf3 exf3 62. Ne5 a3+ 63. Kxa3 Ke2 64. g4 Kxf2 65. g5 Kg3 66. g6 Bxg6 67. Nxg6 f2 0-1

[Event "Krakow Malopolski-chB"]
[Site "Krakow"]
[Date "2015.05.03"]
[Round "9"]
[White "Gregulski, Zbigniew"]
[Black "Stanuch, Marcin"]
[Result "1/2-1/2"]
[WhiteElo "1817"]
[BlackElo "1648"]
[PlyCount "35"]
[EventDate "2015.04.26"]
[EventType "swiss"]
[EventRounds "9"]
[EventCountry "POL"]
[SourceTitle "EXT 2023"]
[Source "ChessBase"]
[SourceDate "2022.10.05"]
[SourceVersion "1"]
[SourceVersionDate "2022.10.05"]
[SourceQuality "1"]

1. d4 Nf6 2. c4 e6 3. Nf3 b6 4. Nc3 Bb4 5. e3 Bb7 6. Be2 d6 7. Bd2 Bxc3 8. Bxc3 0-0 9. 0-0 Nbd7 10. Nd2 Ne4 11. Nxe4 Bxe4 12. f3 Bg6 13. Bd3 Bxd3 14. Qxd3 a5 15. e4 Qe7 16. e5 c5 17. Rad1 Rad8 18. d5 1/2-1/2

[Event "Krakow Malopolski-chB"]
[Site "Krakow"]
[Date "2015.04.28"]
[Round "3.1"]
[White "Mintenko, Heorhiy"]
[Black "Gregulski, Zbigniew"]
[Result "1/2-1/2"]
[WhiteElo "1934"]
[BlackElo "1817"]
[PlyCount "42"]
[EventDate "2015.04.26"]
[EventType "swiss"]
[EventRounds "9"]
[EventCountry "POL"]
[SourceTitle "EXT 2023"]
[Source "ChessBase"]
[SourceDate "2022.10.05"]
[SourceVersion "1"]
[SourceVersionDate "2022.10.05"]
[SourceQuality "1"]

1. c4 Nf6 2. g3 e6 3. Bg2 d5 4. Nf3 Be7 5. 0-0 0-0 6. d4 Ne4 7. Nbd2 Nxd2 8. Bxd2 Nd7 9. Qc2 c6 10. Rfd1 Nf6 11. Ne5 Nd7 12. Nd3 f5 13. e3 Nf6 14. Ne5 Bd7 15. f3 Be8 16. b4 Nd7 17. Nd3 Bg6 18. g4 Bf6 19. Rac1 Nb6 20. Nf4 Bf7 21. Bf1 dxc4 1/2-1/2

[Event "Krakow Malopolski-chB"]
[Site "Krakow"]
[Date "2015.04.26"]
[Round "1.5"]
[White "Iwinski, Kamil"]
[Black "Gregulski, Zbigniew"]
[Result "0-1"]
[WhiteElo "1375"]
[BlackElo "1817"]
[PlyCount "120"]
[EventDate "2015.04.26"]
[EventType "swiss"]
[EventRounds "9"]
[EventCountry "POL"]
[SourceTitle "EXT 2023"]
[Source "ChessBase"]
[SourceDate "2022.10.05"]
[SourceVersion "1"]
[SourceVersionDate "2022.10.05"]
[SourceQuality "1"]

1. e4 c6 2. d4 d5 3. e5 Bf5 4. g4 Bd7 5. Bd3 e6 6. Be3 c5 7. dxc5 Nc6 8. f4 d4 9. Bf2 Bxc5 10. Nf3 Nge7 11. Nbd2 Nd5 12. Ne4 Nxf4 13. Nxc5 Qa5+ 14. Qd2 Ng2+ 15. Kf1 Qxc5 16. Kxg2 Nxe5 17. Nxe5 Qxe5 18. Rhe1 Bc6+ 19. Kg1 Qd6 20. Be4 Rd8 21. Bxc6+ bxc6 22. Rad1 c5 23. Qg5 0-0 24. Qe5 Qb6 25. b3 Rd5 26. Qe4 Rfd8 27. Qf4 f6 28. Qe4 e5 29. c4 R5d7 30. g5 Re8 31. gxf6 gxf6 32. Rd3 Qe6 33. Rg3+ Rg7 34. Rxg7+ Kxg7 35. Bg3 Kh8 36. Rf1 Rg8 37. Rf5 Rg6 38. Kf2 Qa6 39. Qc2 Qc6 40. Qe2 e4 41. Rd5 e3+ 42. Ke1 Qa6 43. Kd1 Qe6 44. Kc2 Qe4+ 45. Kb2 Rg5 46. Rd8+ Kg7 47. Ka3 Qe7 48. Rd5 Qe4 49. Rd7+ Kg6 50. Rd8 Kf7 51. Rd7+ Ke6 52. Rd8 Ke7 53. Rd5 Rxd5 54. cxd5 d3 55. d6+ Kd8 56. Qh5 d2 57. Qxc5 d1Q 58. Qc7+ Ke8 59. Qc8+ Kf7 60. d7 Qe7+ 0-1

[Event "Krakow Malopolski-chB"]
[Site "Krakow"]
[Date "2011.??.??"]
[Round "3"]
[White "Peronczyk, Karol"]
[Black "Gregulski, Zbigniew"]
[Result "1-0"]
[WhiteElo "1623"]
[BlackElo "1880"]
[PlyCount "33"]
[EventDate "2011.05.01"]
[EventType "swiss"]
[EventRounds "9"]
[EventCountry "POL"]
[SourceTitle "EXT 2013"]
[Source "ChessBase"]
[SourceDate "2012.11.22"]
[SourceVersion "1"]
[SourceVersionDate "2012.11.22"]
[SourceQuality "1"]

1. e4 c5 2. Nf3 Nc6 3. d4 cxd4 4. Nxd4 e5 5. Nb3 Nf6 6. Nc3 d6 7. Be2 Be7 8. 0-0 0-0 9. f4 exf4 10. Bxf4 Ne5 11. Qe1 Ng6 12. Be3 Ng4 13. Bxg4 Bxg4 14. Qg3 h5 15. h3 Be6 16. Nd4 Bf6 17. Nxe6 1-0

[Event "Krakow KKSz-ch"]
[Site "Krakow"]
[Date "2009.08.16"]
[Round "6"]
[White "Sobolewski, Bartosz"]
[Black "Gregulski, Zbigniew"]
[Result "1/2-1/2"]
[WhiteElo "1886"]
[BlackElo "1939"]
[PlyCount "133"]
[EventDate "2009.08.12"]
[EventType "swiss"]
[EventRounds "9"]
[EventCountry "POL"]
[SourceTitle "CBM 132 Extra"]
[Source "ChessBase"]
[SourceDate "2009.11.03"]
[SourceVersion "1"]
[SourceVersionDate "2009.11.03"]
[SourceQuality "1"]

1. d4 Nf6 2. Nf3 e6 3. g3 b6 4. Bg2 Bb7 5. 0-0 Be7 6. c4 d5 7. Ne5 0-0 8. Nc3 Nbd7 9. Bf4 c6 10. e4 dxe4 11. Nxe4 Qc8 12. Qa4 Nxe4 13. Bxe4 Nxe5 14. dxe5 c5 15. Qc2 Bxe4 16. Qxe4 Qc7 17. Rfd1 Rfd8 18. Kf1 Rab8 19. a4 h6 20. Ke2 Rd7 21. Rxd7 Qxd7 22. Qc2 Qc7 23. Rd1 g5 24. Be3 Qxe5 25. Rd7 Bf6 26. Rxa7 Rd8 27. Rb7 Rd6 28. a5 bxa5 29. Qa4 Rd8 30. Qxa5 Qe4 31. Qc7 Qxc4+ 32. Ke1 Rf8 33. Bxc5 Qc1+ 34. Ke2 Qc2+ 35. Ke3 Qd1 36. Qd6 Qe1+ 37. Kf3 Qh1+ 38. Ke2 Qe4+ 39. Kf1 Rd8 40. Rb8 Rxb8 41. Qxb8+ Kh7 42. b4 Qh1+ 43. Ke2 Qxh2 44. Qc7 Qh5+ 45. Ke3 g4 46. b5 Qe5+ 47. Qxe5 Bxe5 48. b6 f5 49. Be7 Kg6 50. Bd8 Bd6 51. Bc7 Bc5+ 52. Ke2 Kf6 53. b7 Ba7 54. b8Q Bxb8 55. Bxb8 e5 56. Kd3 Ke6 57. Kc4 h5 58. Bc7 f4 59. Bd8 Kf5 60. Kd5 e4 61. gxf4 Kxf4 62. Kd4 Kf3 63. Bh4 g3 64. Bxg3 e3 65. fxe3 Kxg3 66. e4 Kf4 67. e5 1/2-1/2

[Event "Krakow KKSz op"]
[Site "Krakow"]
[Date "2008.06.21"]
[Round "3.3"]
[White "Gregulski, Zbigniew"]
[Black "Kosztyla, Andrzej"]
[Result "1/2-1/2"]
[WhiteElo "1962"]
[BlackElo "1702"]
[PlyCount "113"]
[EventDate "2008.06.20"]
[EventType "swiss"]
[EventRounds "5"]
[EventCountry "POL"]
[SourceTitle "EXT 2023"]
[Source "ChessBase"]
[SourceDate "2022.10.05"]
[SourceVersion "1"]
[SourceVersionDate "2022.10.05"]
[SourceQuality "1"]

1. Nf3 d5 2. d4 c6 3. Bf4 Bg4 4. e3 e6 5. h3 Bh5 6. Nbd2 Bd6 7. Bxd6 Qxd6 8. Bd3 Nd7 9. 0-0 Ngf6 10. c3 0-0 11. Qc2 Bg6 12. Bxg6 hxg6 13. Rac1 Qc7 14. Rfe1 Rfe8 15. c4 Rac8 16. g3 a6 17. Red1 Red8 18. Kg2 Kf8 19. Nb3 Qb6 20. Qe2 Ne4 21. Rc2 dxc4 22. Qxc4 Qb5 23. Qxb5 axb5 24. Nfd2 Nxd2 25. Rdxd2 Ra8 26. a3 Ra4 27. Nc5 Nxc5 28. Rxc5 Rd5 29. Rdc2 Rxc5 30. Rxc5 Ke7 31. Kf3 Kd6 32. Ke2 f6 33. f4 b6 34. Rc2 Kd5 35. e4+ Kd6 36. Kd3 f5 37. exf5 gxf5 38. Re2 b4 39. axb4 Rxb4 40. Kc3 Ra4 41. Rg2 Kd5 42. g4 fxg4 43. Rxg4 Rc4+ 44. Kb3 Rxd4 45. h4 e5 46. Rxg7 Rxf4 47. Rd7+ Ke6 48. Rh7 e4 49. Kc4 Rf2 50. Kd4 e3 51. Kxe3 Rxb2 52. h5 Kf5 53. Kd4 Rb4+ 54. Kc3 c5 55. Rg7 Rh4 56. Rb7 Rxh5 57. Rxb6 1/2-1/2

[Event "Krakow op"]
[Site "Krakow"]
[Date "2004.12.27"]
[Round "1"]
[White "Kalinin, Oleg"]
[Black "Gregulski, Zbigniew"]
[Result "1-0"]
[WhiteElo "2339"]
[BlackElo "2127"]
[PlyCount "89"]
[EventDate "2004.12.27"]
[EventType "swiss"]
[EventRounds "9"]
[EventCountry "POL"]
[SourceTitle "CBM 104 Extra"]
[Source "ChessBase"]
[SourceDate "2005.03.01"]
[SourceVersion "1"]
[SourceVersionDate "2005.03.01"]
[SourceQuality "1"]

1. c4 Nf6 2. Nf3 e6 3. g3 b6 4. Bg2 Bb7 5. 0-0 c5 6. Nc3 Be7 7. Re1 Ne4 8. Nxe4 Bxe4 9. d3 Bb7 10. e4 0-0 11. d4 cxd4 12. Nxd4 d6 13. b3 Nd7 14. Ba3 Nc5 15. Qe2 a6 16. Rad1 Qc7 17. f4 Rad8 18. h4 Kh8 19. Kh2 Qb8 20. f5 e5 21. Nc2 Qa8 22. Nb4 Rd7 23. Nd5 Qd8 24. Bh3 f6 25. Qe3 Bc6 26. Bg2 Qb8 27. Rd2 Rfd8 28. g4 Rg8 29. Red1 Bxd5 30. Rxd5 Rdd8 31. Bf1 Qc7 32. Be2 a5 33. Bf3 Qb7 34. Qd2 Qc7 35. Bc1 Na6 36. Qf2 Nc5 37. Be3 Rge8 38. Qg2 Rg8 39. R1d2 Qc6 40. Qe2 Qc7 41. Qd1 Qc6 42. g5 Rb8 43. Rg2 Rbd8 44. Bh5 Rdf8 45. Bg6 1-0